000
00204 a2200097 4500
001
23675
100
_a
Lanee, A.L
245
_a
Microwave experiments
260
_a
_b
McGraw-Hill
_c
090
_c
16053
_d
16053
942
_a
NUST-CAE
_c
M
_c
6729
999
_c
258748
_d
258748